000 05119nam a22006494i 4500
003 PE-LiUPU
005 20250731170411.0
008 150626s2015 gw rb 000 0 spa d
020 _a3659093246
020 _a9783659093241
035 _a(Sirsi) i9783659093241
040 _aGWDNB
_bspa
_cGWDNB
_dPE-LiUPU
_erda
049 _aPRUA
082 4 _a174.207
_bP45
100 1 _aPérez de Pio, María Isabel,
_eautor.
245 1 0 _aEnseñanza de bioética en la globalización de la salud :
_bnuevo paradigma global de salud /
_cMaría Isabel Pérez de Pio.
264 1 _aAlemania :
_bEditorial Académica Española,
_c2015.
300 _a78 páginas ;
_c22 centímetros
336 _atext
_2rdacontent
337 _aunmediated
_2rdamedia
338 _avolume
_2rdacarrier
504 _aBibliografía : páginas 75-78.
505 0 _aAntecedentes del problema - orígenes del estado-nación -- El nuevo orden mundial y la seguridad demográfica -- Nuevo paradigma de la salud OMS - Una nueva ética para un nuevo humanismo -- El derecho a la salud en la constitución de la OMS -- Conferencia de Alma-Ata de 1978 sobre atención primaria de salud -- Planes del club de Roma de los años 80 -- Trampa demográfica del Dr. Maurice King -- El progreso de la ciencia y de la medicina es puesto en causa -- 1991 necesidad de nuevo paradigma de salud OMS -- Sistemas de salud de acuerdo a la doctrina liberal -- 1992 presentación del nuevo paradigma de salud de la OMS -- ¿Qué significa un cambio de paradigma ético? -- Qué implican los objetivos del nuevo paradigma de salud -- Nuevo paradigma de la salud - exclusión de la justicia y la solidaridad -- Parlamento de las religiones del mundo -- Orientaciones ideológicas del nuevo paradigma de salud de la OMS -- Dilemas éticos del nuevo paradigma de salud -- Del nuevo paradigma de salud al nuevo universalismo -- Consecuencias para la salud por cambio de paradigma -- Diferencias entre igualdad y equidad -- Nueva interpretación del concepto del desarrollo sustentable -- Confusión entre derechos humanos, salud pública y discriminación -- Definición de la salud de la OMS -- Limitación de derechos asegura su universalidad -- Dilemas éticos, jurídicos y científicos en la pandemia del VIH/SIDA -- Confidencialidad asociada a secreto -- 1992 acuerdo consensual OMS/UNICEF sobre lactancia materna y VIH SIDA -- Cómo debe ser la prevención del VIH/SIDA -- ¿El uso de condones es seguridad suficiente? -- Relación médico-paciente en caso de infección por VIH/SIDA -- Aspectos doctrinarios del secreto médico -- Excepciones al secreto médico -- Importancia del test de detección del VIH/SIDA -- Recomendaciones sobre el test del VIH - CDCD Atlanta EEUU -- Propuestas mundiales sobre prevención del VIH/SIDA -- Lactancia materna VIH/SIDA: antecedentes del problema -- Normas de prevención del VIH para países de altos ingresos -- Normas de prevención del VIH para países de bajos ingresos -- Implicancias de estos cambios a nivel de Argentina -- Sociedades científicas argentinas sobre lactancia materna y SIDA -- Marco jurídico regulador para VIH/SIDA - Ley 23798 -- Incostitucionalidad del decreto reglamentario 1244 -- Dilemas jurídicos y éticos en norma SIDA en perinatología -- Cambios propuestos al marco jurídico regulador para el VIH/SIDA -- Problemas legislativos debido a estas recomendaciones -- Código penal argentino - libro segundo: de los delitos -- Retos actuales de la enseñanza de la medicina.
526 _aSEG68
526 _aSEG70
526 _aSEG69
526 _aSEG67
526 _aSEG43
526 _aP144
526 _aP143
526 _aP131
526 _aP122
526 _aP120
526 _aP117
526 _aP112
526 _aP110
526 _aP106
526 _aP101
526 _aP80
526 _aP59
526 _aP54
526 _aP35
526 _aP33
526 _aP30
650 _aÉtica médica
_xEnseñanza.
910 _ajck
_bjck
_cjck
_d20160510
942 _2ddc
_cBOOK
949 _a174.207 P45
_wDEWEY
_c1
_i73005
_lCCODEBUL1
_mBUL
_p48.05
_r0
_sY
_tBOOK
_u2015-5-10
_xSALUD
_PP69
_0COMPRA
_o.STAFF. Posgrado
949 _a174.207 P45
_wDEWEY
_c2
_i73006
_lCCODEBUL1
_mBUL
_p48.05
_r0
_sY
_tBOOK
_u2015-5-10
_xSALUD
_PP69
_0COMPRA
_o.STAFF. Posgrado
949 _a174.207 P45
_wDEWEY
_c3
_i73007
_lCCODEBUL1
_mBUL
_p48.05
_r0
_sY
_tBOOK
_u2015-5-10
_xSALUD
_PP69
_0COMPRA
_o.STAFF. Posgrado
994 _aC0
_bPEPRU
596 _a1
999 _a174.207 P45
_wDEWEY
_c9309
_i73005
_d9309
_f2021-11-3
_g5
_lCCODEBUL1
_mBUL
_p48.05
_q1
_r0
_sY
_tBOOK
_u2015-5-10
_xSALUD
_PP69
_0COMPRA
_o.STAFF. Posgrado
999 _a174.207 P45
_wDEWEY
_c2
_i73006
_d2018-9-19
_f2021-11-3
_g5
_lCCODEBUL1
_mBUL
_p48.05
_q1
_r0
_sY
_tBOOK
_u2015-5-10
_xSALUD
_PP69
_0COMPRA
_o.STAFF. Posgrado
999 _a174.207 P45
_wDEWEY
_c3
_i73007
_d2018-9-19
_f2021-11-3
_g5
_lCCODEBUL1
_mBUL
_p48.05
_q1
_r0
_sY
_tBOOK
_u2015-5-10
_xSALUD
_PP69
_0COMPRA
_o.STAFF. Posgrado
980 _81
_gALBERTO SANCHEZ Responsable de Automatización